000 01688cam a2200133 4500500
005 20251214004016.0
041 _afre
042 _adc
100 1 0 _aBock, Fabienne
_eauthor
245 0 0 _aLes sociétés, la guerre, la paix : 1911-1946
260 _bArmand Colin,
_c2003.
520 _aCe guide bibliographique raisonné se propose d’aider les candidats aux concours à cerner les principaux aspects d’une question qui englobe les trente-cinq années du 20e siècle pendant lesquelles la guerre a été l’horizon essentiel des sociétés développées. Après avoir défini les grandes lignes d’une réflexion sur cet « âge des catastrophes » selon l’expression d’Eric Hobsbawm, il propose un découpage chronologique la Grande Guerre, les années 1920 et 1930, la Deuxième Guerre mondiale et, à l’intérieur de ces grandes périodes, une approche thématique des rapports qu’entretiennent les sociétés européennes, nord-américaine et japonaise avec la guerre.Sans négliger les grandes lignes d’une histoire événementielle, il met en évidence les problématiques récentes de la recherche historique sur la culture de guerre et la violence qui, née pour partie de la Grande Guerre, atteint aussi à des degrés divers la vie politique des belligérants européens dans l’entre-deux-guerres, pour culminer dans la guerre totale et le génocide des juifs d’Europe lors du second conflit mondial.Résultant d’un choix parmi une abondante bibliographie, ce guide ne peut à l’évidence prétendre à l’exhaustivité.
856 4 1 _uhttps://shs.cairn.info/les-societes-la-guerre-la-paix--9782200265571?lang=fr&redirect-ssocas=7080
999 _c1568127
_d1568127